<?xml version="1.0" encoding="UTF-8"?>
<collection xmlns="http://www.loc.gov/MARC21/slim">
 <record>
  <leader>01926nam a2200313 a 4500</leader>
  <controlfield tag="001">TVCDKTCT9123</controlfield>
  <controlfield tag="003">Thư viện trường Cao đẳng Kỹ thuật Cao Thắng</controlfield>
  <controlfield tag="005">20080422000000</controlfield>
  <controlfield tag="008">080422</controlfield>
  <datafield tag="980" ind1="\" ind2="\">
   <subfield code="a">Thư viện Trường CĐ Kỹ Thuật Cao Thắng</subfield>
  </datafield>
  <datafield tag="024" ind1=" " ind2=" ">
   <subfield code="a">RG_1 #1 eb0 i1</subfield>
  </datafield>
  <datafield tag="041" ind1="0" ind2="#">
   <subfield code="a">vie</subfield>
  </datafield>
  <datafield tag="082" ind1="#" ind2="#">
   <subfield code="a">909.08 / </subfield>
   <subfield code="b">L302S-p</subfield>
  </datafield>
  <datafield tag="100" ind1="1" ind2="#">
   <subfield code="a">Phan Ngọc Liên</subfield>
  </datafield>
  <datafield tag="245" ind1="0" ind2="0">
   <subfield code="a">Lịch sử thế giới cận đại /</subfield>
   <subfield code="c">Phan Ngọc Liên</subfield>
  </datafield>
  <datafield tag="260" ind1="#" ind2="#">
   <subfield code="a">H. :</subfield>
   <subfield code="b">Đại học Sư phạm ,</subfield>
   <subfield code="c">2007</subfield>
  </datafield>
  <datafield tag="300" ind1="#" ind2="#">
   <subfield code="a">401tr. ;</subfield>
   <subfield code="c">24cm</subfield>
  </datafield>
  <datafield tag="520" ind1="#" ind2="#">
   <subfield code="a">lLịch sử thế giới cận đại cung cấp cha bạn đọc kiến thức về sự phát triển của xã hội loài người từ cách mạng Hà Lan thế kỷ XVI đến cách mạng tháng Mười Nga (1917).</subfield>
  </datafield>
  <datafield tag="520" ind1="#" ind2="#">
   <subfield code="a">Nội dung cơ bản của thời kỳ này gồm: </subfield>
  </datafield>
  <datafield tag="520" ind1="#" ind2="#">
   <subfield code="a">- Các cuộc cách mạng tư sảnvà sự xác lập chủ nghĩa tư bản trên phạm vi thế giới.</subfield>
  </datafield>
  <datafield tag="520" ind1="#" ind2="#">
   <subfield code="a">- Sự phát triển của chủ nghĩa tư bản từ tự do cạnh tranh chuyển sang giai đoạn đế quốc chr nghĩa.</subfield>
  </datafield>
  <datafield tag="520" ind1="#" ind2="#">
   <subfield code="a">- Phong trào công nhân và sự ra đời, phát triển của chủ nghĩa xã hội khoa học.</subfield>
  </datafield>
  <datafield tag="520" ind1="#" ind2="#">
   <subfield code="a">- Phong trào giải phóng dân tộc.</subfield>
  </datafield>
  <datafield tag="520" ind1="#" ind2="#">
   <subfield code="a">- Sự phát triển khoa học - kỹ thuật, văn học - nghệ thuật.</subfield>
  </datafield>
  <datafield tag="520" ind1="#" ind2="#">
   <subfield code="a">Cuốn sách chhia làm 3 phần lớn:</subfield>
  </datafield>
  <datafield tag="520" ind1="#" ind2="#">
   <subfield code="a">Phần I. Phương tây thợi cạn đại.</subfield>
  </datafield>
  <datafield tag="520" ind1="#" ind2="#">
   <subfield code="a">Phàn II. Các nước Á, Phi ,Mỹ la tinh thời cận đại.</subfield>
  </datafield>
  <datafield tag="520" ind1="#" ind2="#">
   <subfield code="a">Phần III. Quan hệ quốc tế và chiến tranh thế giới thứ nhấùt (1914-1918).</subfield>
  </datafield>
  <datafield tag="650" ind1="#" ind2="4">
   <subfield code="a">Lịch sử--Thế giới--Cận đại</subfield>
  </datafield>
 </record>
</collection>
